[Event "26th Zadar Open 2019"]
[Site "Zadar"]
[Date "2019.12.17"]
[Round "1.1"]
[White "Pecnik, Leo"]
[Black "Predojevic, Borki"]
[Result "1/2-1/2"]
[WhiteElo "2326"]
[BlackElo "2616"]
[Annotator "TA"]
[PlyCount "125"]
[EventDate "2019.12.15"]
[EventType "swiss"]
[EventCountry "CRO"]
[SourceTitle "playchess.com"]
[Source "ChessBase"]
[SourceQuality "1"]

{[%evp 15,125,-5,-11,-12,10,4,12,4,1,0,6,0,0,0,0,-13,0,0,0,-13,0,0,0,0,0,-6,0,-27,-25,-27,-28,-41,-27,-28,-27,-27,-27,-28,-22,-24,-10,-10,-10,-10,-10,-10,-5,-9,-5,-5,-5,-32,-37,-37,-37,-54,-25,-25,-25,-54,-54,-55,-37,-44,-19,-20,-21,-19,-19,-19,-19,-19,-17,-17,-17,-24,-17,-24,-17,-24,-24,-24,-24,-24,-24,-24,-24,-24,-24,-24,-24,-24,-24,-24,-24,-39,-8,-39,0,0,0,0,0,0,0,0,0,0,0,0,0,0]} 1. e4 e5 2. Nf3 Nc6 3. d4 exd4 4. Nxd4 Qf6 5. Be3 Bc5 6. c3 Nge7 7. g3 d5 8. Bg2 dxe4 9. O-O {C45: Scotch Game} Bb6 10. Nd2 O-O {[%cal Rc6d4]} 11. Nxe4 Qg6 12. Nc5 (12. Re1 Rd8 13. Nxc6 Nxc6 14. Qa4 Be6 15. h4 h6 16. Qb5 a6 {0-1 (31) Kasparov,G (2812)-Le,Q (2739) Saint Louis 2017}) 12... Nxd4 13. cxd4 c6 14. b4 Rd8 15. Qb3 Nd5 $146 ({Predecessor:} 15... Be6 16. Qb2 Bxc5 17. bxc5 Rd7 18. Rfe1 Bd5 19. f3 Nf5 20. Bf2 {1-0 (39) Rensch,D (2382)-Melekhina,A (2104) Philadelphia 2007}) 16. Rfe1 a5 17. b5 Bxc5 18. dxc5 a4 19. Qb2 a3 20. Qe5 Qf5 21. Qxf5 (21. Bf4 {is interesting.} Qxe5 22. Bxe5 h6 23. bxc6 bxc6 24. Rab1) 21... Bxf5 22. bxc6 bxc6 23. Bxd5 Rxd5 24. Rad1 Be6 {[#] And now ...Rxd1 would win.} 25. Rxd5 Bxd5 $11 {[%mdl 4096] Endgame KRB-KRB} 26. Bc1 $1 h5 27. Re3 Rb8 28. Rxa3 Rb1 {[%cal Rb1c1] [#]} 29. Rc3 Bxa2 30. h4 Bd5 31. Kf1 Kh7 32. Ke2 Kg6 33. Ke3 Kf5 34. f3 f6 35. Bd2 Rg1 36. Kf2 Ra1 37. Ke3 Ra2 38. Rd3 g6 39. Bc3 Rc2 40. g4+ hxg4 41. fxg4+ Kxg4 {Strongly threatening ...f5.} 42. Bxf6 Rxc5 43. Rd4+ Kh5 44. Bg5 Rc2 45. Rd2 Rc1 46. Rd4 Re1+ 47. Kd2 Re6 48. Kc3 Re5 49. Kd2 Be6 50. Rf4 c5 51. Bf6 Rd5+ 52. Ke3 Rd1 53. Ke2 Rd7 54. Re4 Bf5 55. Re5 c4 {White should prevent ...c3.} (55... Rf7 $5 {[%cal Rf7f6]} 56. Bd8 Rd7 $11) 56. Rc5 Rd6 57. Bg5 {The position is equal.} Rd4 58. Kf3 Rd3+ 59. Kf4 Rd4+ 60. Kf3 Rd3+ 61. Kf4 Rd4+ 62. Kf3 Rd3+ 63. Kf4 {Accuracy: White = 68%, Black = 52%.} 1/2-1/2

[Event "26th Zadar Open 2019"]
[Site "Zadar"]
[Date "2019.12.17"]
[Round "1.2"]
[White "Kozul, Zdenko"]
[Black "Dixit, Nikhil"]
[Result "1-0"]
[WhiteElo "2590"]
[BlackElo "2318"]
[Annotator "TA"]
[PlyCount "157"]
[EventDate "2019.12.15"]
[EventType "swiss"]
[EventCountry "CRO"]
[SourceTitle "playchess.com"]
[Source "ChessBase"]
[SourceQuality "1"]

{[%evp 22,157,30,31,52,34,63,47,73,56,84,22,83,91,95,87,118,112,154,82,88,78,84,85,91,93,94,55,71,73,74,68,64,54,54,55,50,24,71,20,89,89,89,89,89,89,148,127,164,162,141,121,117,121,121,102,115,115,97,64,82,82,82,82,82,82,82,82,82,82,92,92,92,92,92,92,92,92,92,92,92,92,92,91,92,91,92,91,91,91,91,91,91,91,91,70,70,70,70,70,70,0,70,70,70,0,0,0,134,134,134,85,134,134,134,134,171,134,134,89,96,96,97,147,5089,0,29987,29988,29988,29989,29989,29990,29990,29991,29991,29992,29994,29991]} 1. d4 Nf6 2. Nf3 g6 3. c4 Bg7 4. Nc3 O-O 5. e4 d6 6. Be2 e5 7. O-O exd4 8. Nxd4 Re8 9. f3 Nc6 10. Be3 Nh5 11. Nxc6 bxc6 12. Qd2 Ba6 {E94: King's Indian: Classical: 6 Be2 e5 7 0-0: Various Black 7th moves} (12... Qe7 13. Rae1 f5 14. Bd3 Qf7 15. c5 f4 16. Bf2 Be5 17. cxd6 cxd6 18. b3 Be6 19. Rc1 g5 20. Ne2 c5 {½-½ (28) Lysyj,I (2618)-Kovalev,V (2641) Moscow 2018}) 13. Rfd1 $146 ({Predecessor:} 13. Rfe1 Qb8 14. Rac1 Nf6 15. b3 c5 16. Bf1 Bb7 17. Bf2 Nd7 18. Nd5 a5 19. Rb1 Bxd5 20. cxd5 {1-0 (59) Titz,H (2305)-Woeber,F (2225) Austria 1996}) 13... Qe7 14. Bf1 Qe6 {White is slightly better.} 15. Rac1 $1 f5 16. Bd4 (16. Re1 $16) 16... Nf6 (16... fxe4 $11 17. Nxe4 Bxd4+ 18. Qxd4 c5) 17. exf5 $16 Qxf5 18. b4 Nd7 19. Bxg7 Kxg7 20. Qd4+ (20. Bd3 $142 Qf6 21. Be4) 20... Qe5 21. c5 Bxf1 22. Kxf1 Re6 23. cxd6 cxd6 24. Ne2 d5 25. Qxe5+ Nxe5 26. Nd4 Rf6 27. Rc5 Rb8 28. a3 Rb6 29. Kf2 g5 30. h3 (30. b5 $16) 30... Kg6 (30... a6 $11) 31. b5 cxb5 32. Nxb5 a6 33. Rdxd5 Rxb5 (33... Rf5 $142) 34. Rxe5 {[%mdl 4096] Endgame KRR-KRR} Rb2+ 35. Kg3 h6 36. a4 Rd6 37. Red5 Re6 38. Rd1 Ra2 39. a5 Ree2 {[%csl Ga2][%cal Re2g2]} 40. Rc6+ Kh5 {[%csl Ga2][%cal Re2g2]} 41. Rg1 Rxa5 42. Kh2 Rae5 43. Rxa6 Re6 44. Rga1 Kg6 45. h4 Rxa6 46. Rxa6+ {KR-KR} Kg7 47. h5 Re5 48. Kg3 Re2 49. Ra7+ Kg8 50. Kh3 Rc2 51. Re7 Rb2 52. g3 Rb4 53. Re4 Rb5 54. Kg4 Kf7 55. Ra4 Kg7 56. Ra7+ Kg8 57. Re7 Ra5 58. f4 gxf4 59. gxf4 Rb5 60. Re5 (60. Re6 {seems wilder.} Kg7 61. Re5 Rb6 62. Ra5 Rf6 63. Ra4) 60... Rb6 61. Re7 (61. Rd5 $14) 61... Kf8 (61... Rb5 $1 $11) 62. Rd7 $14 Rf6 63. f5 ({Better is} 63. Rc7 $14) 63... Rb6 $11 64. Kf4 {Strongly threatening Ke5.} Kg8 (64... Ke8 $11 {keeps the balance.} 65. Rc7 Kf8) 65. Ke5 $1 $16 Rb1 66. Kf6 Rg1 67. Rd6 Kh7 68. Ke7 {f6 would kill now.} Re1+ 69. Re6 Ra1 70. f6 Ra7+ 71. Kf8 {Threatening mate with f7.} Ra8+ 72. Re8 Ra2 $2 {[%mdl 8192]} (72... Ra6 $16) 73. f7 $2 (73. Re7+ $18 Kh8 74. f7) 73... Rf2 $2 {[%mdl 8192] [#]} (73... Ra7 $11) 74. Re6 $1 {White mates.} ({Worse is} 74. Ke7 Rxf7+ 75. Kxf7 $11) 74... Ra2 75. Ke7 Ra7+ {[#]} 76. Kf6 $1 Ra8 77. Rd6 Rb8 78. Ke7 Rb4 79. f8=Q {Played: f7-f8R} 1-0

[Event "26th Zadar Open 2019"]
[Site "Zadar"]
[Date "2019.12.17"]
[Round "1.3"]
[White "Antova, Gabriela"]
[Black "Brkic, Ante"]
[Result "0-1"]
[WhiteElo "2314"]
[BlackElo "2576"]
[Annotator "ChessBase"]
[PlyCount "136"]
[EventDate "2019.12.15"]
[EventType "swiss"]
[EventCountry "CRO"]
[SourceTitle "playchess.com"]
[Source "ChessBase"]
[SourceQuality "1"]
[TimeControl "40/5400+30:1800+30"]

1. d4 {[%emt 0:00:30]} d5 {[%emt 0:00:30]} 2. c4 {[%emt 0:00:00]} e6 {[%emt 0:00:00]} 3. Nf3 {[%emt 0:00:00]} Nf6 {[%emt 0:00:00]} 4. Nc3 {[%emt 0:00:00]} Bb4 {[%emt 0:01:30]} 5. Bg5 {[%emt 0:02:00]} Nbd7 {[%emt 0:01:30]} 6. cxd5 {[%emt 0:01:30]} exd5 {[%emt 0:00:30]} 7. e3 {[%emt 0:00:30]} c5 {[%emt 0:00:00]} 8. Bd3 {[%emt 0:03:30]} Qa5 {[%emt 0:00:00]} 9. Qc2 {[%emt 0:00:30]} c4 {[%emt 0:00:30]} 10. Bf5 {[%emt 0:00:30]} O-O {[%emt 0:00:30]} 11. O-O {[%emt 0:01:30]} Re8 {[%emt 0:00:30]} 12. Rfb1 {[%emt 0:05:30]} g6 {[%emt 0:05:30]} 13. Bxd7 {[%emt 0:01:30]} Nxd7 {[%emt 0:00:30]} 14. a3 {[%emt 0:00:30]} Bf8 {[%emt 0:23:30]} 15. b4 {[%emt 0:01:30]} cxb3 {[%emt 0:04:30]} 16. Rxb3 {[%emt 0:01:30]} a6 {[%emt 0:06:30]} 17. Qb2 {[%emt 0:14:30]} b6 {[%emt 0:07:30]} 18. Bf4 {[%emt 0:11:30]} Re6 {[%emt 0:09:30]} 19. a4 {[%emt 0:11:30]} Bb7 {[%emt 0:00:30]} 20. Ne2 {[%emt 0:06:30]} f6 {[%emt 0:36:29]} 21. h4 {[%emt 0:34:52]} Rc8 {[%emt 0:00:00]} 22. h5 {[%emt 0:00:37]} g5 {[%emt 0:00:05]} 23. Bg3 {[%emt 0:00:40]} Rec6 {[%emt 0:00:38]} 24. Qb1 {[%emt 0:00:00]} Rc2 {[%emt 0:00:43]} 25. Qd1 {[%emt 0:00:33]} R2c4 {[%emt 0:00:00]} 26. Rb2 {[%emt 0:00:37]} Rb4 {[%emt 0:00:08]} 27. Rba2 {[%emt 0:00:10]} b5 {[%emt 0:00:44]} 28. axb5 {[%emt 0:00:15]} Qxb5 {[%emt 0:00:08]} 29. Ra5 {[%emt 0:00:39]} Qc4 {[%emt 0:00:25]} 30. Ne1 {[%emt 0:00:39]} Qb3 {[%emt 0:00:30]} 31. Nd3 {[%emt 0:00:10]} Qxd1+ {[%emt 0:00:34]} 32. Rxd1 {[%emt 0:00:30]} Rb3 {[%emt 0:00:46]} 33. Ra2 {[%emt 0:00:30]} Kg7 {[%emt 0:00:39]} 34. f3 {[%emt 0:00:30]} Kh6 {[%emt 0:00:44]} 35. Be1 {[%emt 0:00:30]} Kxh5 {[%emt 0:00:37]} 36. g4+ {[%emt 0:00:30]} Kg6 {[%emt 0:01:12]} 37. Ng3 {[%emt 0:00:30]} Rc6 {[%emt 0:00:08]} 38. Ba5 {[%emt 0:00:40]} Nb6 {[%emt 0:00:31]} 39. Bxb6 {[%emt 0:00:01]} Rcxb6 {[%emt 0:00:35]} 40. Rc2 {[%emt 0:00:30]} Bc6 {[%emt 0:00:07]} 41. Kf2 {[%emt 0:30:07]} a5 {[%emt 0:30:27]} 42. e4 {[%emt 0:00:35]} a4 {[%emt 0:00:32]} 43. e5 {[%emt 0:00:24]} a3 {[%emt 0:00:30]} 44. Nh5 {[%emt 0:00:30]} Bb5 {[%emt 0:00:30]} 45. Nc5 {[%emt 0:00:30]} Bxc5 {[%emt 0:00:30]} 46. dxc5 {[%emt 0:00:30]} Rb8 {[%emt 0:00:30]} 47. c6 {[%emt 0:00:30]} Rb2 {[%emt 0:00:30]} 48. Rxb2 {[%emt 0:00:30]} axb2 49. c7 Rc8 50. Rb1 fxe5 51. Rxb2 Bd7 52. Rb6+ Kf7 53. Nf6 Rxc7 54. Nxh7 Rc2+ 55. Kg3 Bc6 56. Nxg5+ Kg7 57. Rb3 d4 58. Rb1 Kf6 59. Nh7+ Kg6 60. Nf8+ Kf7 61. Nh7 Rc3 62. Rf1 e4 63. Kf4 e3 64. Ng5+ Ke7 65. Re1 Rc2 66. Ke5 d3 67. Rxe3 d2 68. Kf4+ Kf8 0-1

[Event "26th Zadar Open 2019"]
[Site "Zadar"]
[Date "2019.12.15"]
[Round "1.4"]
[White "Saric, Ante"]
[Black "Ascic, Pero"]
[Result "1-0"]
[WhiteElo "2556"]
[BlackElo "2310"]
[Annotator "ChessBase"]
[PlyCount "61"]
[EventDate "2019.12.15"]
[EventType "swiss"]
[EventCountry "CRO"]
[SourceTitle "playchess.com"]
[Source "ChessBase"]
[SourceQuality "1"]
[TimeControl "40/5400+30:1800+30"]

1. d4 {[%emt 0:00:30]} Nf6 {[%emt 0:01:30]} 2. Nf3 {[%emt 0:00:30]} e6 {[%emt 0:01:30]} 3. c4 {[%emt 0:00:30]} d5 {[%emt 0:00:30]} 4. g3 {[%emt 0:00:30]} Be7 {[%emt 0:03:30]} 5. Bg2 {[%emt 0:00:30]} O-O {[%emt 0:00:30]} 6. O-O {[%emt 0:00:00]} b6 {[%emt 0:03:30]} 7. cxd5 {[%emt 0:01:00]} exd5 {[%emt 0:00:30]} 8. Nc3 {[%emt 0:00:00]} Bb7 {[%emt 0:08:30]} 9. Ne5 {[%emt 0:03:00]} c6 {[%emt 0:09:30]} 10. e4 {[%emt 0:06:30]} dxe4 {[%emt 0:02:30]} 11. Nxe4 {[%emt 0:00:00]} Nd5 {[%emt 0:04:30]} 12. Nc3 {[%emt 0:01:00]} Nxc3 {[%emt 0:17:30]} 13. bxc3 {[%emt 0:00:00]} Qc7 {[%emt 0:00:00]} 14. Re1 {[%emt 0:08:00]} Bd6 {[%emt 0:22:00]} 15. Nc4 {[%emt 0:03:30]} Nd7 {[%emt 0:00:30]} 16. Nxd6 {[%emt 0:00:30]} Qxd6 {[%emt 0:00:00]} 17. Bf4 {[%emt 0:00:30]} Qa3 {[%emt 0:03:15]} 18. Qb3 {[%emt 0:02:30] 5} Qa6 {[%emt 0:07:08]} 19. Re7 {[%emt 0:02:30] 0} Nf6 {[%emt 0:00:44]} 20. Bf1 {[%emt 0:01:30] ]} b5 {[%emt 0:00:05]} 21. c4 {[%emt 0:00:30] 8} Qb6 {[%emt 0:08:39]} 22. c5 Qa6 23. a4 Nd5 24. Ree1 Nxf4 25. axb5 Nh3+ 26. Bxh3 Qxb5 27. Qc2 Bc8 28. Bxc8 Rfxc8 29. Reb1 a5 30. Rxb5 cxb5 31. c6 1-0

[Event "26th Zadar Open 2019"]
[Site "Zadar"]
[Date "2019.12.17"]
[Round "1.5"]
[White "Sinanovic, Muhamed"]
[Black "Martinovic, Sasa"]
[Result "1-0"]
[WhiteElo "2309"]
[BlackElo "2544"]
[Annotator "ChessBase"]
[PlyCount "87"]
[EventDate "2019.12.15"]
[EventType "swiss"]
[EventCountry "CRO"]
[SourceTitle "playchess.com"]
[Source "ChessBase"]
[SourceQuality "1"]
[TimeControl "40/5400+30:1800+30"]

1. g3 {[%emt 0:00:30] 0} d5 {[%emt 0:00:30] 0} 2. Bg2 {[%emt 0:00:00] 0} e5 {[%emt 0:00:00]} 3. c4 {[%emt 0:00:00]} d4 {[%emt 0:00:00]} 4. d3 {[%emt 0:02:30]} Nc6 {[%emt 0:02:30]} 5. Nf3 {[%emt 0:02:30]} Bb4+ {[%emt 0:00:00]} 6. Bd2 {[%emt 0:08:30]} a5 {[%emt 0:00:00]} 7. Na3 {[%emt 0:01:30]} Nf6 {[%emt 0:04:30]} 8. Nc2 {[%emt 0:01:30]} Bxd2+ {[%emt 0:06:30]} 9. Nxd2 {[%emt 0:05:30]} O-O {[%emt 0:00:30]} 10. O-O {[%emt 0:00:30]} Bg4 {[%emt 0:04:30]} 11. h3 {[%emt 0:10:30]} Bf5 {[%emt 0:02:30]} 12. a3 {[%emt 0:08:30]} Qe7 {[%emt 0:00:30]} 13. Rb1 {[%emt 0:09:30]} e4 {[%emt 0:06:30]} 14. dxe4 {[%emt 0:03:30]} Nxe4 {[%emt 0:00:30]} 15. Nxe4 {[%emt 0:00:30]} Bxe4 {[%emt 0:00:00]} 16. Bxe4 {[%emt 0:00:30]} Qxe4 {[%emt 0:00:00]} 17. Qd3 {[%emt 0:00:30]} Rfe8 {[%emt 0:09:30]} 18. Qxe4 {[%emt 0:06:30]} Rxe4 {[%emt 0:00:00]} 19. Rfd1 {[%emt 0:01:30]} Rae8 {[%emt 0:11:00]} 20. b4 {[%emt 0:35:00]} axb4 {[%emt 0:25:30]} 21. axb4 {[%emt 0:00:00]} b6 {[%emt 0:00:30]} 22. b5 {[%emt 0:00:00]} Rxe2 {[%emt 0:00:30]} 23. Nxd4 {[%emt 0:00:00]} Nxd4 {[%emt 0:00:30]} 24. Rxd4 {[%emt 0:00:00]} Rc2 {[%emt 0:00:30]} 25. h4 {[%emt 0:00:00]} g6 {[%emt 0:00:30]} 26. Kg2 {[%emt 0:00:00]} Re5 {[%emt 0:00:30]} 27. Rf4 {[%emt 0:00:00]} Rf5 {[%emt 0:00:30]} 28. Rxf5 {[%emt 0:00:00]} gxf5 {[%emt 0:00:30]} 29. Rb4 {[%emt 0:00:00]} Kg7 {[%emt 0:00:30]} 30. Kf3 {[%emt 0:00:00]} Kf6 {[%emt 0:00:30]} 31. Ra4 {[%emt 0:00:00]} Ke5 {[%emt 0:00:30]} 32. Ke3 {[%emt 0:00:00]} h5 {[%emt 0:00:30]} 33. f3 {[%emt 0:00:00]} Rc3+ {[%emt 0:00:30]} 34. Ke2 {[%emt 0:00:00]} Kd6 {[%emt 0:00:30]} 35. Kf2 {[%emt 0:00:00]} Rd3 {[%emt 0:00:30]} 36. Ra8 {[%emt 0:00:00]} Kc5 {[%emt 0:00:30]} 37. Rh8 {[%emt 0:00:00]} Kxc4 {[%emt 0:00:30]} 38. Rxh5 {[%emt 0:00:00]} Rd5 {[%emt 0:00:30]} 39. g4 {[%emt 0:00:00]} Rd2+ {[%emt 0:00:30]} 40. Ke1 {[%emt 0:00:00]} Rh2 {[%emt 0:00:30]} 41. Rxf5 {[%emt 0:11:00]} Rxh4 {[%emt 0:30:30]} 42. Rxf7 {[%emt 0:00:30]} Kxb5 {[%emt 0:00:30]} 43. Rxc7 {[%emt 0:00:30]} Rh2 {[%emt 0:00:30]} 44. Kf1 1-0

[Event "26th Zadar Open 2019"]
[Site "Zadar"]
[Date "2019.12.17"]
[Round "1.6"]
[White "Yeoh, Li Tian"]
[Black "Guttenthaler, Franz"]
[Result "1-0"]
[WhiteElo "2530"]
[BlackElo "2304"]
[Annotator "ChessBase"]
[PlyCount "75"]
[EventDate "2019.12.15"]
[EventType "swiss"]
[EventCountry "CRO"]
[SourceTitle "playchess.com"]
[Source "ChessBase"]
[SourceQuality "1"]
[TimeControl "40/5400+30:1800+30"]

1. Nf3 {[%emt 0:00:30]} Nf6 {[%emt 0:00:30]} 2. g3 {[%emt 0:00:00]} d5 {[%emt 0:00:30]} 3. Bg2 {[%emt 0:00:00]} Nbd7 {[%emt 0:00:30]} 4. O-O {[%emt 0:02:30]} e5 {[%emt 0:00:30]} 5. d4 {[%emt 0:02:30]} e4 {[%emt 0:01:30]} 6. Nfd2 {[%emt 0:04:30]} c6 {[%emt 0:06:30]} 7. e3 {[%emt 0:08:30]} Nb6 {[%emt 0:05:30]} 8. f3 {[%emt 0:09:30]} exf3 {[%emt 0:00:30]} 9. Qxf3 {[%emt 0:00:30]} Be7 {[%emt 0:01:30]} 10. Nc3 {[%emt 0:03:30]} O-O {[%emt 0:05:30]} 11. h3 {[%emt 0:01:30]} Be6 {[%emt 0:01:30]} 12. Ne2 {[%emt 0:00:30]} Qd7 {[%emt 0:00:30]} 13. g4 {[%emt 0:01:30]} h6 {[%emt 0:00:30]} 14. c3 {[%emt 0:06:30]} Nc8 {[%emt 0:03:30]} 15. Ng3 {[%emt 0:12:30]} Nd6 {[%emt 0:01:30]} 16. b3 {[%emt 0:00:30]} Rfe8 {[%emt 0:02:30]} 17. Bb2 {[%emt 0:03:30]} a5 {[%emt 0:01:30]} 18. a4 {[%emt 0:03:30]} Bf8 {[%emt 0:01:30]} 19. c4 {[%emt 0:04:30]} Rad8 {[%emt 0:06:30]} 20. Rae1 {[%emt 0:11:30]} Nh7 {[%emt 0:10:30]} 21. e4 Ng5 22. Qf4 Ndxe4 23. Ndxe4 Nxe4 24. Nxe4 dxe4 25. Bxe4 f6 26. Bc2 Bf7 27. Re3 Bd6 28. Qf3 Rxe3 29. Qxe3 Re8 30. Qd3 Qe7 31. Qh7+ Kf8 32. Qh8+ Bg8 33. Bc1 Kf7 34. Bd3 c5 35. g5 hxg5 36. Bxg5 cxd4 37. Qh5+ Kf8 38. Rxf6+ 1-0

[Event "26th Zadar Open 2019"]
[Site "Zadar"]
[Date "2019.12.15"]
[Round "1.7"]
[White "Sai Agni Jeevitesh, J."]
[Black "Stany, G.A."]
[Result "1/2-1/2"]
[WhiteElo "2301"]
[BlackElo "2526"]
[Annotator "ChessBase"]
[PlyCount "72"]
[EventDate "2019.12.15"]
[EventType "swiss"]
[EventCountry "CRO"]
[SourceTitle "playchess.com"]
[Source "ChessBase"]
[SourceQuality "1"]
[TimeControl "40/5400+30:1800+30"]

1. Nf3 {[%emt 0:00:30]} d5 {[%emt 0:01:30]} 2. c4 {[%emt 0:00:30]} e6 {[%emt 0:00:30]} 3. e3 {[%emt 0:00:30]} Nf6 {[%emt 0:01:30]} 4. Nc3 {[%emt 0:00:00]} Nbd7 {[%emt 0:02:30]} 5. b3 {[%emt 0:01:00]} c6 {[%emt 0:04:30]} 6. Bb2 {[%emt 0:00:30]} Bd6 {[%emt 0:00:30]} 7. Qc2 {[%emt 0:00:00]} Qe7 {[%emt 0:03:30]} 8. Be2 {[%emt 0:03:00]} e5 {[%emt 0:04:30]} 9. cxd5 {[%emt 0:00:30]} Nxd5 {[%emt 0:01:30]} 10. Ne4 {[%emt 0:00:30]} Ba3 {[%emt 0:14:30]} 11. O-O {[%emt 0:12:30]} Bxb2 {[%emt 0:05:30]} 12. Qxb2 {[%emt 0:00:30]} O-O {[%emt 0:00:30]} 13. Ng3 {[%emt 0:00:30]} e4 {[%emt 0:02:30]} 14. Nd4 {[%emt 0:01:30]} Re8 {[%emt 0:08:30]} 15. d3 {[%emt 0:13:30]} exd3 {[%emt 0:08:30]} 16. Bxd3 {[%emt 0:01:30]} Ne5 {[%emt 0:00:30]} 17. Be2 {[%emt 0:01:30]} a5 {[%emt 0:07:30]} 18. a3 {[%emt 0:03:30]} g6 {[%emt 0:07:30]} 19. Nf3 {[%emt 0:03:30]} h5 {[%emt 0:00:30]} 20. Nxe5 {[%emt 0:04:30]} Qxe5 {[%emt 0:00:30]} 21. Qxe5 {[%emt 0:00:30]} Rxe5 {[%emt 0:00:00]} 22. h4 {[%emt 0:00:30]} Be6 {[%emt 0:23:46]} 23. Rfd1 {[%emt 0:10:30]} Nc3 {[%emt 0:00:00]} 24. Rd3 {[%emt 0:02:30]} Rc5 {[%emt 0:00:00]} 25. Bd1 {[%emt 0:12:30]} Nxd1 {[%emt 0:00:00]} 26. Raxd1 {[%emt 0:00:30]} Rb5 {[%emt 0:00:00]} 27. Ne2 {[%emt 0:00:30]} Bxb3 {[%emt 0:00:00]} 28. Rd8+ {[%emt 0:04:30]} Rxd8 {[%emt 0:00:00]} 29. Rxd8+ {[%emt 0:00:30]} Kg7 {[%emt 0:00:00]} 30. Nd4 {[%emt 0:00:00]} Rb6 {[%emt 0:00:00]} 31. Rc8 {[%emt 0:01:00]} Bc4 {[%emt 0:00:00]} 32. Kh2 {[%emt 0:01:30]} Kf6 {[%emt 0:00:00]} 33. Kg3 {[%emt 0:00:30]} Ke7 {[%emt 0:00:00]} 34. Kf4 {[%emt 0:04:05]} Rb2 {[%emt 0:00:32]} 35. Nf3 {[%emt 0:02:02]} Be6 {[%emt 0:00:53]} 36. Ra8 {[%emt 0:00:23]} Rxf2 1/2-1/2

[Event "26th Zadar Open 2019"]
[Site "Zadar"]
[Date "2019.12.15"]
[Round "1.8"]
[White "Livaic, Leon"]
[Black "Sutkovic, Damir"]
[Result "1-0"]
[WhiteElo "2505"]
[BlackElo "2292"]
[Annotator "ChessBase"]
[PlyCount "83"]
[EventDate "2019.12.15"]
[EventType "swiss"]
[EventCountry "CRO"]
[SourceTitle "playchess.com"]
[Source "ChessBase"]
[SourceQuality "1"]
[TimeControl "40/5400+30:1800+30"]

1. d4 {[%emt 0:00:30]} Nf6 {[%emt 0:00:30]} 2. c4 {[%emt 0:00:00]} d6 {[%emt 0:00:30]} 3. Nc3 {[%emt 0:00:00]} Bf5 {[%emt 0:00:30]} 4. Nf3 {[%emt 0:00:30]} g6 {[%emt 0:00:00]} 5. Qb3 {[%emt 0:02:30]} b6 {[%emt 0:00:00]} 6. g3 {[%emt 0:02:30]} Nc6 {[%emt 0:00:30]} 7. d5 {[%emt 0:02:30]} Na5 {[%emt 0:00:30]} 8. Qd1 {[%emt 0:00:30]} Bg7 {[%emt 0:03:30]} 9. Nd4 {[%emt 0:01:30]} Bd7 {[%emt 0:00:30]} 10. e4 {[%emt 0:07:30]} O-O {[%emt 0:08:30]} 11. Be2 {[%emt 0:10:30]} c5 {[%emt 0:03:30]} 12. Nb3 {[%emt 0:02:30]} Nxb3 {[%emt 0:06:30]} 13. axb3 {[%emt 0:00:30]} a6 {[%emt 0:04:30]} 14. O-O {[%emt 0:01:30]} b5 {[%emt 0:00:30]} 15. Qc2 {[%emt 0:04:30]} b4 {[%emt 0:05:30]} 16. Nd1 {[%emt 0:02:30]} e6 {[%emt 0:01:30]} 17. dxe6 {[%emt 0:04:30]} Bxe6 {[%emt 0:04:30]} 18. Ne3 {[%emt 0:06:30]} Re8 {[%emt 0:07:30]} 19. Rd1 {[%emt 0:04:30]} Qb6 {[%emt 0:05:30]} 20. Bf3 {[%emt 0:04:30]} Rad8 {[%emt 0:04:30]} 21. Bg2 {[%emt 0:00:30]} Bc8 {[%emt 0:01:30]} 22. Kh1 {[%emt 0:05:30]} Bb7 {[%emt 0:05:30]} 23. f3 {[%emt 0:35:01]} Qc7 {[%emt 0:14:30]} 24. Bd2 {[%emt 0:00:00]} Qb8 {[%emt 0:00:30]} 25. Re1 {[%emt 0:00:00]} Re7 {[%emt 0:01:30]} 26. Rad1 {[%emt 0:00:00]} Rde8 {[%emt 0:00:30]} 27. Bc1 {[%emt 0:00:00]} Nd7 {[%emt 0:05:29]} 28. Re2 {[%emt 0:00:00]} Ne5 {[%emt 0:02:12]} 29. Nd5 {[%emt 0:00:00]} Bxd5 {[%emt 0:01:21]} 30. cxd5 {[%emt 0:00:00]} c4 {[%emt 0:04:23]} 31. f4 {[%emt 0:00:00]} cxb3 {[%emt 0:00:19]} 32. Qxb3 {[%emt 0:00:00]} Nd7 {[%emt 0:00:13]} 33. Be3 {[%emt 0:00:00]} Rc8 {[%emt 0:01:27]} 34. Rc2 {[%emt 0:00:00]} Rxc2 {[%emt 0:00:55]} 35. Qxc2 {[%emt 0:00:00]} b3 {[%emt 0:00:41]} 36. Qc4 {[%emt 0:00:00]} Re8 {[%emt 0:04:10]} 37. Rd3 {[%emt 0:00:00]} Rc8 {[%emt 0:00:32]} 38. Qxb3 {[%emt 0:00:00]} Bxb2 {[%emt 0:00:46]} 39. Bh3 {[%emt 0:00:00]} Qxb3 {[%emt 0:01:30]} 40. Rxb3 {[%emt 0:00:00]} Rb8 {[%emt 0:00:07]} 41. Rxb8+ {[%emt 0:26:48]} Nxb8 {[%emt 0:30:06]} 42. Ba7 1-0